| 000 | 00884nas a2200313 4500 | ||
|---|---|---|---|
| 001 | BR2013002509 | ||
| 003 | BR-BrBNA | ||
| 005 | 20231205122131.0 | ||
| 007 | ta | ||
| 008 | 230509b bl.|||p| |||| 00| 00por d | ||
| 040 |
_aBR-BrBNA _bpor _cBiblioteca Nacional de Agricultura |
||
| 041 | _a(En) | ||
| 072 | _aF50 | ||
| 100 | 1 | _aPereira, F.H.F. | |
| 100 | 1 | _aPuiatti, M. | |
| 100 | 1 | _aMeira, R.M.S.A. | |
| 100 | 1 | _aFontes, P.C.R. | |
| 245 | 1 | _aAnatomical alterations in taro corms with "metsubure" symptoms | |
| 650 | _aTARO | ||
| 650 | _aRIZOMA | ||
| 650 | _aANATOMIA VEGETAL | ||
| 650 | _aDANO | ||
| 650 | _aCÁLCIO | ||
| 650 | _aDEFICIÊNCIA NUTRICIONAL | ||
| 650 | _aESTUFA | ||
| 773 | 0 |
_tHorticultura Brasileira (Brazil) _xISSN 0102-0536 _g(Oct-Dec 2012), v. 30(4) p. 699-702 _wBR2013002509 |
|
| 909 |
_a202311 _bLúcia _c55 _dLúcia Elande |
||
| 942 |
_2AGRIS _n0 _cANA |
||
| 999 |
_c227085 _d227085 |
||